Jakie studio stworzyło tą grę? - Statystyki

Ogólne statystyki
  • Ten quiz został rozwiązany 88 razy
  • Średni wynik to 5 z 12
Statystyki odpowiedzi
Gra Studio % Poprawnych
Fortnite Epic Games
82%
Minecraft Mojang
82%
Wiedźmin 3: Dziki gon CDProjekt
64%
Far Cry 4 Ubisoft
62%
Dying Light Techland
52%
Grand Theft Auto V Rockstar North
43%
Portal Valve
40%
Resident Evil 7 Capcom
34%
Devil May Cry 5 Capcom
21%
Detroit: Become Human quanticdream
16%
Superhot Superhot Team
8%
Bully (PC) Rockstar New England
1%
Nie znaleziono quizów pasujących do podanych kryteriów
Rozkład punktacji
Procent ludzi z każdym wynikiem
Percentyl według liczby udzielonych odpowiedzi
Twoja historia wyników
Nie rozwiązałeś tego quizu